| 000 | 00472nam a2200205Ia 4500 | ||
|---|---|---|---|
| 008 | 210210b1937 xxu||||| |||| 00| 0 eng d | ||
| 041 | _aeng | ||
| 082 | _a822/15 | ||
| 100 | _aADDISON (J) | ||
| 245 | _aDe coverley papers: Quiller Couch Ed | ||
| 260 |
_aLondon _bJ M Dent and Sons Ltd. _c1937 |
||
| 650 | _aQuiller | ||
| 650 | _apapers: | ||
| 650 | _aEd | ||
| 650 | _aDe | ||
| 650 | _acoverley | ||
| 650 | _aCouch | ||
| 690 | _aEnglish Prose | ||
| 906 | _a012201 | ||
| 999 |
_c130975 _d130975 |
||